书目信息 |
| 题名: |
概率论与数理统计
|
|
| 作者: | 孟晓华 , 吴小霞 , 黄敏 主编 | |
| 分册: | ||
| 出版信息: | 武汉 华中科技大学出版社 2019.01 |
|
| 页数: | 278页 | |
| 开本: | 23cm | |
| 丛书名: | 高等院校应用型本科“十三五”规划教材 | |
| 单 册: | ||
| 中图分类: | O21 | |
| 科图分类: | ||
| 主题词: | 概率论--gai lv lun--高等学校--教材 , 数理统计--shu li tong ji--高等学校--教材 | |
| 电子资源: | ||
| ISBN: | 978-7-5680-4227-7 | |
| 000 | 01316nam 2200301 450 | |
| 001 | 202019134809 | |
| 005 | 20191007123106.0 | |
| 010 | @a978-7-5680-4227-7@dCNY44.00 | |
| 100 | @a20191002d2019 em y0chiy50 ea | |
| 101 | 0 | @achi |
| 102 | @aCN@b420000 | |
| 105 | @aak a 000yy | |
| 106 | @ar | |
| 200 | 1 | @a概率论与数理统计@Agai lv lun yu shu li tong ji@f主编孟晓华, 吴小霞, 黄敏 |
| 210 | @a武汉@c华中科技大学出版社@d2019.01 | |
| 215 | @a278页@c图@d23cm | |
| 225 | 2 | @a高等院校应用型本科“十三五”规划教材@Agao deng yuan xiao ying yong xing ben ke “ shi san wu ” gui hua jiao cai@i数学类 |
| 320 | @a有书目 (第278页) | |
| 330 | @a本书主要内容包括概率论和数理统计两部分, 共十章。本书根据高等院校经管类本科专业概率论与数理统计课程的教学大纲及考研大纲要求编写而成, 注重基本概念和概率思想, 紧密结合统计软件R, 强调实际应用。针对经管类本科专业, 注重实际应用, 紧密结合统计软件R, 习题安排合理, 在每章均附有数学名言和数学名家。 | |
| 410 | 0 | @12001 @a高等院校应用型本科“十三五”规划教材@i数学类 |
| 606 | 0 | @a概率论@Agai lv lun@x高等学校@j教材 |
| 606 | 0 | @a数理统计@Ashu li tong ji@x高等学校@j教材 |
| 690 | @aO21@v5 | |
| 701 | 0 | @a孟晓华@Ameng xiao hua@4主编 |
| 701 | 0 | @a吴小霞@Awu xiao xia@4主编 |
| 701 | 0 | @a黄敏@Ahuang min@4主编 |
| 801 | 0 | @aCN@c20190905 |
| 905 | @a河南城建学院图书馆@dO21@eM617 | |
| 概率论与数理统计/主编孟晓华, 吴小霞, 黄敏.-武汉:华中科技大学出版社,2019.01 |
| 278页:图;23cm.-(高等院校应用型本科“十三五”规划教材.数学类) |
| ISBN 978-7-5680-4227-7:CNY44.00 |
| 本书主要内容包括概率论和数理统计两部分, 共十章。本书根据高等院校经管类本科专业概率论与数理统计课程的教学大纲及考研大纲要求编写而成, 注重基本概念和概率思想, 紧密结合统计软件R, 强调实际应用。针对经管类本科专业, 注重实际应用, 紧密结合统计软件R, 习题安排合理, 在每章均附有数学名言和数学名家。 |
| ● |
| 相关链接 |
|
|
|
正题名:概率论与数理统计
索取号:O21/M617
 
预约/预借
| 序号 | 登录号 | 条形码 | 馆藏地/架位号 | 状态 | 备注 |
| 1 | 1442954 | 214429545 | 自科库401/401自科库 46排5列1层/ [索取号:O21/M617] | 在馆 | |
| 2 | 1442955 | 214429554 | 自科库401/401自科库 46排5列1层/ [索取号:O21/M617] | 在馆 |